[Event "Barcelona op9394"]
[Site "Barcelona"]
[Date "1993.??.??"]
[Round "3"]
[White "Granados, Raul"]
[Black "Komljenovic, Davor"]
[Result "1-0"]
[WhiteElo "2220"]
[BlackElo "2450"]

1.d4 Nf6 2.Bg5 Ne4 3.Bh4 c5 4.f3 g5 5.fxe4 gxh4 6.e3 Qb6 7.Bc4 e6 8.Ne2 Qxb2
9.Nd2 Qa3 10.Bd3 b5 11.c3 c4 12.Bc2 e5 13.O-O d6 14.Nf3 h3 15.g3 Bg4 16.Kh1 Be7
17.dxe5 Qc5 18.exd6 Qxd6 19.Qxd6 Bxd6 20.e5 Bxf3+ 21.Rxf3 Bxe5 22.Be4 Nd7
23.Bxa8 Ke7 24.Bd5 f6 25.Nd4 Kd6 26.Be4 Kc5 27.Rd1 Nb6 28.Ne6+  1-0

[Event "JUG-chT2"]
[Site "Becici"]
[Date "1993.??.??"]
[Round "5"]
[White "Kosic, Dragan"]
[Black "Kiselev, Sergey"]
[Result "1/2-1/2"]
[WhiteElo "2455"]
[BlackElo "2510"]

1.d4 Nf6 2.Bg5 Ne4 3.h4 c5 4.dxc5 Na6 5.Qd4 Naxc5 6.Nc3 Nxc3 7.Qxc5 Ne4 8.Qd5 Nxg5
9.hxg5 Qb6 10.O-O-O Qxf2 11.Nf3 Qe3+ 12.Kb1 e6 13.Qc4 d5 14.Qb5+ Bd7 15.Qxb7 Rc8
16.Nd4 Bc5 17.Rh3 Qe5 18.Rc3 Ke7 19.e4 Rc7 20.Qb3 dxe4 21.a4 Rd8 22.Rc4 Qxg5
23.Qc3 Rdc8 24.Nb3 Bb6 25.Qb4+ Ke8 26.Rxc7 Rxc7 27.a5 Bc5 28.Qxe4 Bf2 29.Qxh7 Qe5
30.Bd3 Ke7 31.Rf1 Bc6 32.Qh3 Qg3 33.Qh8 Bxg2 34.Rd1 Rd7 35.Qc8 Qf3 36.Rc1 Be3
37.Bb5 Rd1 38.Qc7+ Kf6 39.Rxd1 Qxd1+ 40.Ka2 Qd5 41.Be8 e5 42.c4 Qe6 43.Bb5 Qe7
44.Qc8 e4 45.c5 Kg5 46.c6 Bf4 47.Nd4 g6 48.Be2 Qe5 49.Qd8+ Qf6 50.c7 Bxc7
51.Qxc7 Qxd4 52.Qg3+ Kf6 53.Qxg2 Qa4+  1/2-1/2

[Event "Belgrade"]
[Site "Belgrade"]
[Date "1993.??.??"]
[Round "6"]
[White "Hodgson, Julian M"]
[Black "Mozetic, Dejan"]
[Result "1/2-1/2"]
[WhiteElo "2625"]
[BlackElo "2580"]

1.d4 Nf6 2.Bg5 Ne4 3.Bf4 c5 4.f3 Qa5+ 5.c3 Nf6 6.Nd2 cxd4 7.Nb3 Qb6 8.cxd4 d5
9.Rc1 Nc6 10.e3 e6 11.g4 a5 12.Ne2 Bb4+ 13.Kf2 O-O 14.a4 Bd7 15.Ng3 Rfc8
16.g5 Ne8 17.Bb5 Qd8 18.Ne2 Na7 19.Bxd7 Qxd7 20.Rxc8 Rxc8 21.Nbc1 Bd6 22.Nd3 Nc6
23.b3 Nb4 24.Nxb4 Bxb4 25.Qd3 Ba3 26.Ra1 Bd6 27.Bg3 Be7 28.h4 Nd6 29.Bxd6 Bxd6
30.f4 Be7  1/2-1/2

[Event "Benasque op"]
[Site "Benasque"]
[Date "1993.??.??"]
[Round "6"]
[White "Mikhalevski, Victor"]
[Black "Huzman, Alexander"]
[Result "0-1"]
[WhiteElo "2380"]
[BlackElo "2520"]

1.d4 Nf6 2.Bg5 Ne4 3.Bf4 c5 4.f3 Qa5+ 5.c3 Nf6 6.Nd2 cxd4 7.Nc4 Qd8 8.cxd4 g6
9.Rc1 Na6 10.e4 Bg7 11.b4 Nxb4 12.Qb3 Nc6 13.d5 Na5 14.Nxa5 Qxa5+ 15.Bd2 Qb6
16.Qa3 Nh5 17.Be3 Bd4 18.Bxd4 Qxd4 19.Ne2 Qb6 20.g4 Nf6 21.g5 Nh5 22.Bh3 O-O
23.Bg4 d6 24.Bxh5 gxh5 25.Kd2 Bd7 26.Rb1 Bb5 27.Rb3 a6 28.Re3 Rac8 29.Qb4 Rc4
30.Qb2 Re8 31.Rc1 Qa5+ 32.Rcc3 Rec8 33.f4 Rxc3 34.Nxc3 Rc4 35.a4 Rxa4 36.e5 Rxf4
37.Ke1 Rf1+ 38.Kd2 Rf2+  0-1

[Event "Benidorm op"]
[Site "Benidorm"]
[Date "1993.??.??"]
[Round "7"]
[White "Bellon Lopez, Juan Manuel"]
[Black "Lalic, Bogdan"]
[Result "1/2-1/2"]
[WhiteElo "2415"]
[BlackElo "2515"]

1.d4 Nf6 2.Bg5 Ne4 3.h4 c5 4.d5 Qb6 5.Nd2 Nxd2 6.Bxd2 e5 7.dxe6 dxe6 8.Bc3 Nd7
9.e4 Nf6 10.Qf3 Bd7 11.h5 h6 12.O-O-O Be7 13.Rh4 O-O-O 14.Rf4 e5 15.Bxe5 Qe6
16.Qc3 Qxa2 17.b3 Bc6 18.Qh3+ Bd7 19.Qc3 Bc6 20.Qh3+  1/2-1/2

[Event "Berga op"]
[Site "Berga"]
[Date "1993.??.??"]
[Round "9"]
[White "Ibanez, Fernando"]
[Black "Solozhenkin, Evgeniy"]
[Result "0-1"]
[WhiteElo "2190"]
[BlackElo "2515"]

1.d4 Nf6 2.Bg5 Ne4 3.Bh4 g5 4.f3 gxh4 5.fxe4 c5 6.e3 Bh6 7.Kf2 cxd4 8.exd4 d5
9.Bb5+ Bd7 10.Bxd7+ Nxd7 11.Nc3 Nf6 12.exd5 Rg8 13.Qf3 Ng4+ 14.Ke2 Ne3 15.g3 Qb6
16.Rb1 Rc8 17.Nh3 Nxc2 18.Qd3 Nxd4+ 19.Kd1 Qg6 20.Qxg6 Rxg6 21.Rg1 Rb6 22.Na4 Rb4
23.b3 Rc2 24.Nf4 Rxa2 25.Nc5 b6  0-1

[Event "Bern op"]
[Site "Bern"]
[Date "1993.??.??"]
[Round "7"]
[White "Landenbergue, Claude"]
[Black "Roeder, Mathias"]
[Result "1-0"]
[WhiteElo "2385"]
[BlackElo "2405"]

1.d4 Nf6 2.Bg5 Ne4 3.Bf4 c5 4.f3 Nf6 5.dxc5 Na6 6.e4 Nxc5 7.Nc3 d6 8.Qd2 Bd7
9.O-O-O Qa5 10.Kb1 Rd8 11.Nd5  1-0

[Event "Biel op"]
[Site "Biel"]
[Date "1993.??.??"]
[Round "7"]
[White "Weindl, Alfred"]
[Black "Istratescu, Andrei"]
[Result "0-1"]
[WhiteElo "2350"]
[BlackElo "2505"]

1.d4 Nf6 2.Bg5 Ne4 3.Bf4 d5 4.Nd2 Bf5 5.e3 e6 6.Nxe4 Bxe4 7.Ne2 Be7 8.Ng3 Bg6
9.h4 Bxh4 10.Bd3 Bxg3 11.Bxg3 Rg8 12.Bxg6 hxg6 13.Qd3 c6 14.O-O-O Nd7 15.Kb1 Qb6
16.Qa3 a5 17.c3 Qd8 18.c4 Nf6 19.f3 dxc4 20.e4 Qe7 21.Bd6 Qd7 22.Be5 b6 23.Qc3 b5
24.d5 cxd5 25.Bxf6 gxf6 26.Qxf6 Qe7 27.Qe5 O-O-O 28.exd5 Qc5 29.Qf6 Rxd5
30.Qxf7 Rxd1+ 31.Rxd1 Qf5+ 32.Qxf5 gxf5 33.Rd6 Rg6 34.Rd2 Kc7 35.Kc2 Kc6
36.b3 cxb3+ 37.axb3 e5 38.Re2 Kd5 39.Rd2+ Kc5 40.Re2 Kd4 41.Kd1 a4 42.bxa4 bxa4
43.Ra2 Ra6 44.Ra3 f4 45.Kd2 Kc4 46.Kc2 Kb4 47.Rd3 a3 48.Rb3+ Kc4 49.Rc3+ Kd5
50.Rd3+ Ke6 51.Kb1 Kf5 52.Ka2 Rc6 53.Kxa3 Rc2 54.Kb3 Rxg2 55.Kc4 Rc2+ 56.Kd5 Re2
57.Kc4 Kg5 58.Rd8 Re3  0-1

[Event "Bratislava op"]
[Site "Bratislava"]
[Date "1993.??.??"]
[Round "2"]
[White "Bartosik, Piotr"]
[Black "Mochalov, Evgeny V"]
[Result "0-1"]
[WhiteElo "2230"]
[BlackElo "2420"]

1.d4 Nf6 2.Bg5 Ne4 3.Bf4 c5 4.f3 Qa5+ 5.c3 Nf6 6.d5 Qb6 7.b3 g6 8.e4 Bg7
9.Na3 O-O 10.Ne2 d6 11.Nc4 Qd8 12.a4 Nbd7 13.g3 Nh5 14.Bc1 f5 15.exf5 gxf5
16.Bg2 Nb6 17.O-O Nxc4 18.bxc4 e5 19.dxe6 Bxe6 20.Qd3 d5 21.Qe3 Qc8 22.Ba3 b6
23.g4 d4 24.cxd4 Bxc4 25.gxh5 Re8 26.Qg5 h6 27.Qg3 Bxe2 28.dxc5 Bxf1 29.Rxf1 bxc5
30.f4 Rb8 31.Kh1 Kh8 32.Bd5 Bd4 33.Qg6 Rb6 34.Qf7 Rd8 35.Qxa7 Ra6 36.Qf7 Qd7
37.Qxd7 Rxd7 38.Bb3 Re7 39.Bc1 Rb6 40.Bc2 Rb4 41.Bxf5 Rxa4 42.Bg4 Ra1 43.f5 Rb7
44.f6 Rf7 45.Kg2 Ra2+ 46.Kg3 Bxf6 47.Rf5 c4 48.Bxh6 Ra3+ 49.Kg2 Ra2+ 50.Kg3 Raa7
51.Bf4 Bc3 52.Rxf7 Rxf7 53.Be6 Be1+ 54.Kg4 Re7 55.Be5+ Kh7 56.Bf5+ Kg8 57.Bf6 Re8
58.Bd7 Re3 59.h6 Bc3 60.Kf4 Bd2 61.Kf5 Kh7 62.Kg4 Re2 63.h4 Kxh6 64.Kf3 Re3+
65.Kg4 Re1 66.Bf5 Rg1+ 67.Kf3 Rf1+ 68.Ke4 c3 69.Ke5 Rf2 70.Bd3 c2 71.Bxc2 Bc3+
72.Ke4 Bxf6  0-1

[Event "Bucharest schev"]
[Site "Bucharest"]
[Date "1993.??.??"]
[Round "?"]
[White "Dumitrescu, Dragos"]
[Black "Florescu, Codrut"]
[Result "1-0"]
[WhiteElo "2290"]
[BlackElo "2280"]

1.d4 Nf6 2.Bg5 Ne4 3.Bh4 d5 4.Nd2 Nd6 5.f3 Bf5 6.c4 c6 7.c5 Nb5 8.e4 Bg6
9.Bxb5 cxb5 10.Qb3 Nc6 11.Qxb5 dxe4 12.fxe4 a6 13.Qxb7 Nxd4 14.Rc1 Rb8 15.Qxa6 Rxb2
16.Qa4+ Qd7 17.c6 Nxc6 18.Qxc6 Qxc6 19.Rxc6 Rxa2 20.Ne2 Kd7 21.Rc1 e5 22.Nc3 Rb2
23.Nc4 Rxg2 24.Kf1 Bxe4 25.Nxe4 Ra2 26.Nxe5+ Ke6 27.Ng5+ Kxe5 28.Nxf7+  1-0

[Event "Spring op"]
[Site "Budapest"]
[Date "1993.??.??"]
[Round "1"]
[White "Klinger, Josef"]
[Black "Vajda, Albert"]
[Result "1/2-1/2"]
[WhiteElo "2445"]
[BlackElo "2180"]

1.d4 Nf6 2.Bg5 Ne4 3.Bf4 d5 4.e3 e6 5.Nd2 Nxd2 6.Qxd2 Bd6 7.Bd3 c5 8.dxc5 Bxc5
9.Qc3 Be7 10.O-O-O O-O 11.e4 d4 12.Qc7 Nc6 13.Nf3 Qxc7 14.Bxc7 Bd7 15.Ne5 Rfc8
16.Nxc6 Bxc6 17.Bg3  1/2-1/2

[Event "Budapest FS10 IM-B"]
[Site "Budapest"]
[Date "1993.??.??"]
[Round "4"]
[White "Mihok, Laszlo"]
[Black "Stummer, Anton"]
[Result "1-0"]
[WhiteElo "2320"]
[BlackElo "2305"]

1.d4 Nf6 2.Bg5 Ne4 3.Bf4 d5 4.Nd2 Nxd2 5.Qxd2 Bf5 6.e3 c6 7.Nf3 Nd7 8.Nh4 Bg6
9.Nxg6 hxg6 10.Bd3 e6 11.c3 Nf6 12.O-O-O Bd6 13.Bxd6 Qxd6 14.g3 O-O-O 15.f3 e5
16.Qc2 Rde8 17.dxe5 Qxe5 18.Rde1 Kb8 19.Re2 g5 20.Rhe1 g4 21.fxg4 Nxg4 22.e4 d4
23.cxd4 Qxd4 24.h4 Rh5 25.Kb1 Rd8 26.Rd2 Rc5 27.Qb3 Nf2 28.Ba6 Rc1+ 29.Rxc1 Qxe4+
30.Ka1  1-0

[Event "Buenos Aires GEB"]
[Site "Buenos Aires"]
[Date "1993.??.??"]
[Round "2"]
[White "Arias Lebel, J."]
[Black "Diaz Hollemaert, Nahuel"]
[Result "0-1"]
[WhiteElo "2050"]
[BlackElo "2180"]

1.d4 Nf6 2.Bg5 Ne4 3.h4 c5 4.d5 g6 5.Nd2 Nxg5 6.hxg5 Bg7 7.c3 d6 8.e4 Nd7
9.f4 a6 10.a4 b6 11.Ngf3 Qc7 12.Nc4 Bb7 13.Ne3 O-O-O 14.Bc4 Kb8 15.Qe2 Ka7
16.O-O-O Rde8 17.Ng4 e6 18.Qd2 e5 19.Rh2 f5 20.exf5 gxf5 21.Nh6 exf4 22.Nxf5 Ne5
23.Qxf4 Ref8 24.g4 Bc8 25.N3h4 h5 26.Be2 hxg4 27.Bxg4 Nxg4 28.Qxg4 Bxf5 29.Qg2 Be5
30.Rf1 Be4 31.Rxf8 Bxg2 32.Rxh8 Bxh8  0-1

[Event "Buenos Aires FMD op"]
[Site "Buenos Aires"]
[Date "1993.??.??"]
[Round "3"]
[White "Fiorito, Fabian"]
[Black "Del Rey, Diego"]
[Result "1/2-1/2"]
[WhiteElo "2425"]
[BlackElo "2380"]

1.d4 Nf6 2.Bg5 Ne4 3.Bf4 c5 4.d5 d6 5.f3 Nf6 6.e4 g6 7.Nc3 Bg7 8.Bc4 O-O
9.Nge2 b6 10.Qd2 Ba6 11.Bxa6 Nxa6 12.Bh6 Nc7  1/2-1/2

[Event "Buenos Aires GEB"]
[Site "Buenos Aires"]
[Date "1993.??.??"]
[Round "6"]
[White "Arias Lebel, J."]
[Black "Bourgeois, W."]
[Result "1-0"]
[WhiteElo "2050"]
[BlackElo "2160"]

1.d4 Nf6 2.Bg5 Ne4 3.h4 d5 4.Nf3 h6 5.Bf4 Bf5 6.Nbd2 c5 7.e3 Nc6 8.c3 e6
9.Nxe4 Bxe4 10.Bb5 Qb6 11.Qa4 Bxf3 12.Bxc6+ Qxc6 13.Qxc6+ bxc6 14.gxf3 cxd4
15.cxd4 Bb4+ 16.Ke2 O-O 17.Rac1 Rfc8 18.h5 a5 19.Rhg1 Kh7 20.Rg2 a4 21.e4 Ra5
22.Rcg1 Bf8 23.Bd2 Rb5 24.Bc3 dxe4 25.fxe4 Rxh5 26.d5 e5 27.d6 Rd8 28.f4 f6
29.fxe5 fxe5 30.Bb4 Rh4 31.Ke3 Rh3+ 32.Ke2 g5 33.Rd1 Rh4 34.Ke3 Rf4 35.Rc2 Rf6
36.Rxc6 Kg6 37.Rd5 Re6 38.Ba3 g4 39.Ra6 h5 40.Raa5 Bh6+ 41.Ke2 Bf4 42.d7 Rc6
43.Rac5 Ra6 44.Rc8 Bg5 45.Rxd8 Bxd8 46.Rxe5 h4 47.Re8 Rc6 48.Rxd8  1-0

[Event "Buenos Aires Najdorf op"]
[Site "Buenos Aires"]
[Date "1993.??.??"]
[Round "9"]
[White "Tempone, Marcelo"]
[Black "Malbran, Guillermo"]
[Result "1-0"]
[WhiteElo "2450"]
[BlackElo "2350"]

1.d4 Nf6 2.Bg5 Ne4 3.Bf4 c5 4.d5 Qb6 5.Nd2 Qxb2 6.Nxe4 Qb4+ 7.Qd2 Qxe4 8.e3 Na6
9.c4 e5 10.f3 Qf5 11.Bg3 d6 12.Bd3 Qd7 13.Ne2 f5 14.e4 f4 15.Bf2 Be7 16.g3 fxg3
17.hxg3 O-O 18.f4 Nb4 19.f5 b5 20.Nc3 Bg5 21.Qxg5 Nxd3+ 22.Ke2 Nxf2 23.Kxf2 bxc4
24.g4 Qd8 25.Qe3 g6 26.Rxh7 Kxh7 27.Rh1+ Kg8 28.Qh6 Kf7 29.Qxg6+ Ke7 30.Rh7+  1-0

[Event "Cappelle op"]
[Site "Cappelle la Grande"]
[Date "1993.??.??"]
[Round "5"]
[White "Danielian, Oganes"]
[Black "Safranska, Anda"]
[Result "1/2-1/2"]
[WhiteElo "2440"]
[BlackElo "2240"]

1.d4 Nf6 2.Bg5 Ne4 3.Bh4 g5 4.f3 gxh4 5.fxe4 Bh6 6.Nc3 e6 7.e5 d6 8.Nf3 Nc6
9.exd6 cxd6 10.e4 O-O 11.Bb5 Qb6 12.a4 a5 13.Qd3 Kh8 14.Rd1 h3 15.g3 Nb4
16.Qe2 f5 17.e5 d5 18.O-O Qc7 19.Kh1 Bd7 20.Bxd7 Qxd7 21.Ng1 Qg7 22.Nb5 f4
23.gxf4 Qg2+ 24.Qxg2 hxg2+ 25.Kxg2 Nxc2 26.Rd3 Bxf4 27.Nc7 Ne3+ 28.Rxe3 Bxe3
29.Nxa8 Rg8+ 30.Kh1 Rxa8 31.Ne2 Rc8 32.Rf3 Bg5 33.Rb3 Rc2 34.Ng3 Bf4 35.Rxb7 Bxg3
36.hxg3 Rd2 37.Re7 Rxd4 38.Rxe6 Rxa4 39.Re7 Rb4 40.e6 Kg8 41.Rd7 Kf8  1/2-1/2

[Event "Cappelle op"]
[Site "Cappelle la Grande"]
[Date "1993.??.??"]
[Round "7"]
[White "Hansen, Mads Smith"]
[Black "Istratescu, Andrei"]
[Result "0-1"]
[WhiteElo "2305"]
[BlackElo "2470"]

1.d4 Nf6 2.Bg5 Ne4 3.h4 d5 4.Nd2 Nxg5 5.hxg5 c5 6.dxc5 e5 7.Nb3 Nc6 8.e3 Be6
9.f4 Qc7 10.Qd2 O-O-O 11.fxe5 d4 12.Nxd4 Bxc5 13.Rh4 Nxe5 14.Nxe6 fxe6 15.Qc3 Kb8
16.Ne2 Qd6 17.a3 Rhf8 18.Re4 Nc6 19.g3 e5 20.Bg2 h6 21.Ng1 Qd5 22.Ne2 hxg5
23.Qd3 Qf7  0-1

[Event "Cappelle op"]
[Site "Cappelle la Grande"]
[Date "1993.??.??"]
[Round "9"]
[White "Danielian, Oganes"]
[Black "Hebden, Mark"]
[Result "1-0"]
[WhiteElo "2440"]
[BlackElo "2520"]

1.d4 Nf6 2.Bg5 Ne4 3.Bh4 g5 4.Bg3 c5 5.e3 Qb6 6.Nc3 Nxg3 7.hxg3 cxd4 8.Qxd4 Qxd4
9.exd4 Bg7 10.Nd5 Kd8 11.c3 e6 12.Ne3 d5 13.g4 Bd7 14.Bd3 h6 15.Ne2 Bc6 16.b4 a6
17.a4 Nd7 18.Kd2 Nf6 19.Ng3 Bf8 20.Nh5 Nxh5 21.Rxh5 Be8 22.Rh3 f6 23.Bc2 Rc8
24.Rah1 Rc7 25.a5 Rg8 26.g3 h5 27.gxh5 g4 28.R3h2 f5 29.h6 Rh7 30.Nxf5 exf5
31.Bxf5 Rhh8 32.Rh4 Be7 33.Rxg4 Rxg4 34.Bxg4 Bg5+ 35.f4 Bxh6 36.Bf3 Bf7 37.c4 Kc7
38.Kc3 Rg8 39.g4 Bg7 40.f5 Rh8 41.Rxh8 Bxh8 42.g5 dxc4 43.f6 b5 44.axb6+ Kxb6
45.d5 Kc7 46.Kxc4 Kd6 47.Kd4 Bg8 48.Be4 Bf7 49.Bg2 Bg8 50.Bh1 Bf7 51.Be4 Bg8
52.Bg2 Bf7 53.Bf3 Bg8 54.Be2 Bxd5 55.Bxa6 Bc6 56.Bc4 Be8 57.Ke4 Bg6+ 58.Kf4 Bc2
59.Be2 Bg6 60.Bf3 Bd3 61.Be4 Bb5 62.Kf5 Kd7 63.g6 Ke8 64.Bd5 Kf8 65.Kg5 Be8
66.Bc4 Bf7 67.Bd3  1-0

[Event "JUG-chT"]
[Site "Cetinje"]
[Date "1993.??.??"]
[Round "?"]
[White "Rakic, Tomislav"]
[Black "Cabrilo, Goran"]
[Result "1/2-1/2"]
[WhiteElo "2375"]
[BlackElo "2505"]

1.d4 Nf6 2.Bg5 Ne4 3.Bf4 c5 4.f3 Qa5+ 5.c3 Nf6 6.Nd2 cxd4 7.Nb3 Qb6 8.Qxd4 d5
9.Qxb6 axb6 10.Bxb8 Rxb8 11.e3 Bd7 12.Bd3 e6 13.Ne2 Bd6 14.Ned4 Ke7 15.a3 Rbc8
16.O-O Rhd8 17.Rae1 g6 18.e4 dxe4 19.fxe4 Ng4 20.h3 Ne5 21.Bb5 Bxb5 22.Nxb5 Bc5+
23.Kh2 Nd3 24.Re2 e5 25.g3 Ke6 26.Rd1 Rd7 27.N5d4+ exd4 28.Rxd3 dxc3 29.Rxc3 Rdc7
30.Kg2 f6 31.Nxc5+ Rxc5 32.Rb3 R8c6 33.Kf3 Rd6 34.Rb4  1/2-1/2

[Event "JUG-chT"]
[Site "Cetinje"]
[Date "1993.??.??"]
[Round "?"]
[White "Knezevic, Bojan"]
[Black "Brenjo, Slavisa"]
[Result "1/2-1/2"]
[WhiteElo "2320"]
[BlackElo "2425"]

1.d4 Nf6 2.Bg5 Ne4 3.h4 d5 4.Nd2 Bf5 5.e3 h6 6.Bf4 e6 7.Nxe4 Bxe4 8.f3 Bh7
9.Bd3 Bxd3 10.Qxd3 Qd7 11.Ne2 Nc6 12.h5 O-O-O 13.c4 e5 14.Bxe5 dxc4 15.Qxc4 Nxe5
16.dxe5 Qd5 17.Qxd5 Rxd5 18.Nf4 Rxe5 19.Ke2 Bd6 20.Nd3 Re7 21.g4  1/2-1/2

[Event "JUG-chT"]
[Site "Cetinje"]
[Date "1993.??.??"]
[Round "?"]
[White "Knezevic, Bojan"]
[Black "Milenkovic, Mladen"]
[Result "1-0"]
[WhiteElo "2290"]
[BlackElo "2215"]

1.d4 Nf6 2.Bg5 Ne4 3.h4 h6 4.Bf4 d5 5.Nd2 Nxd2 6.Qxd2 Bf5 7.e3 e6 8.Bd3 Bxd3
9.Qxd3 c5 10.Qb5+ Qd7 11.a4 a6 12.Qxd7+ Nxd7 13.Nf3 Be7 14.h5 O-O 15.a5 Rfc8
16.c3 Rc6 17.Ne5 Nxe5 18.Bxe5 b5 19.axb6 Rxb6 20.Ra2 c4 21.Kd2 Ra7 22.Kc2 Rab7
23.Bf4 a5 24.f3 Rb5 25.e4 dxe4 26.fxe4 a4 27.e5 Rb3 28.Rb1 a3 29.Bc1 g5 30.Rba1 axb2
31.Rxb2 Rxb2+ 32.Bxb2 f6 33.Ra8+ Kf7 34.exf6 Kxf6 35.g4 Rc7 36.Ba3 Bxa3 37.Rxa3 Kg7
38.Ra6 Kf7 39.Kd2 Rb7 40.Rc6 Rb2+  1-0

[Event "JUG-chT"]
[Site "Cetinje"]
[Date "1993.??.??"]
[Round "?"]
[White "Novoselski, Zoran"]
[Black "Vratonjic, Slobodan"]
[Result "0-1"]
[WhiteElo "2370"]
[BlackElo "2400"]

1.d4 Nf6 2.Bg5 Ne4 3.h4 d5 4.Nd2 Nxd2 5.Qxd2 Bf5 6.e3 h6 7.Bf4 e6 8.Bd3 Bxd3
9.Qxd3 c5 10.dxc5 Qa5+ 11.c3 Qxc5 12.Ne2 Nd7 13.O-O-O O-O-O 14.e4 Nf6 15.Be3 Qc6
16.Nd4 Qa4 17.exd5 Rxd5 18.Kb1 Bc5 19.c4 Rd7 20.Qc2 Qxc2+ 21.Nxc2 Rhd8 22.Rxd7 Nxd7
23.Rd1 b6 24.Bxc5 Nxc5 25.Rxd8+ Kxd8 26.Nd4 Kd7 27.Kc2 Ne4 28.f3 Nd6 29.Kd3 e5
30.Nc2 Nf5 31.Ke4 Ke6 32.f4 Nd6+ 33.Kd3 exf4 34.Nd4+ Kf6 35.b4 Nf5 36.Nb5 Nxh4
37.Nxa7 Nxg2 38.Ke4 g5 39.Nc8 g4 40.Nxb6 f3 41.Nd5+ Ke6 42.Kd3 g3 43.b5 Kd6
44.a4 Nf4+  0-1

[Event "JUG-chT"]
[Site "Cetinje"]
[Date "1993.??.??"]
[Round "?"]
[White "Miladinovic, Igor"]
[Black "Jakovljevic, Vlado"]
[Result "1-0"]
[WhiteElo "2450"]
[BlackElo "2290"]

1.d4 Nf6 2.Bg5 Ne4 3.h4 d5 4.Nd2 Nxg5 5.hxg5 c5 6.dxc5 e5 7.Nb3 Nc6 8.Qd3 Be6
9.e3 Qxg5 10.Nf3 Qe7 11.Qd2 Qc7 12.Ng5 Be7 13.Nxe6 fxe6 14.Be2 O-O 15.Bg4 Rf6
16.O-O-O a5 17.Kb1 a4 18.Nc1 Bxc5 19.f4 Rd8 20.Nd3 Bd6 21.fxe5 Nxe5 22.Nxe5 Bxe5
23.Qd3 h6 24.Rh5 Bd6 25.a3 Bf8 26.e4 g6 27.Rhh1 Kg7 28.Rhe1 e5 29.exd5 Bd6
30.Re4 Rf4 31.Bf3 Rc8 32.Rxf4 exf4 33.Be4 g5 34.Qd4+ Be5 35.Qxa4 Qd6 36.Rd3 b5
37.Qa7+ Rc7 38.Qa8 Re7 39.Rb3 Qd7 40.Bd3 Bd6 41.Rxb5 g4 42.Qa6 f3 43.g3 f2
44.Rb6 Re1+ 45.Ka2 Be7 46.Qc4 Bf6 47.Rc6  1-0

[Event "Copenhagen OBRO"]
[Site "Copenhagen"]
[Date "1993.??.??"]
[Round "7"]
[White "Andersen, Ib"]
[Black "Olsen, Heini"]
[Result "1-0"]
[WhiteElo "2220"]
[BlackElo "2320"]

1.d4 Nf6 2.Bg5 Ne4 3.Bf4 c5 4.d5 Qa5+ 5.Nd2 d6 6.f3 Nf6 7.e4 g6 8.c3 Bg7
9.Nc4 Qd8 10.a4 Nbd7 11.Qd2 Qc7 12.Bd3 h5 13.Ne2 Ne5 14.O-O Bd7 15.h3 Rb8
16.Nxe5 dxe5 17.Be3 c4 18.Bc2 b6 19.f4 Bh6 20.Kh1 Rc8 21.Rae1 Kf8 22.fxe5 Bxe3
23.Qxe3 Qxe5 24.Nd4 Ng4 25.Qg1 Qd6 26.Nf3 Kg8 27.Qd4 Qc5 28.Qd2 Rd8 29.Qf4 Nf2+
30.Kh2 Rf8 31.Ne5 Ng4+ 32.hxg4 hxg4+ 33.Kg3 Be8 34.Nxg6  1-0

[Event "CZE-ch"]
[Site "?"]
[Date "1993.??.??"]
[Round "4"]
[White "Cech, Pavel"]
[Black "Hudecek, Jan"]
[Result "1/2-1/2"]
[WhiteElo "2315"]
[BlackElo "2320"]

1.d4 Nf6 2.Bg5 Ne4 3.h4 d5 4.Nd2 Nxg5 5.hxg5 g6 6.e3 Bg7 7.Bd3 e5 8.dxe5 Bxe5
9.c3 Qxg5 10.Ngf3 Qe7 11.Qb3 c6 12.Nxe5 Qxe5 13.Nf3 Qe7 14.c4 dxc4 15.Bxc4 Nd7
16.O-O-O O-O 17.Qc3 Qf6 18.Qxf6 Nxf6 19.Ng5 Kg7 20.Rd6 h6 21.Rxf6 hxg5 22.Rd6 Bf5
23.Rhd1 Rae8 24.Kd2 Re7 25.f3 Rfe8 26.e4 Rd7 27.Kc3 Red8 28.Rxd7 Rxd7 29.Rd4 c5
30.Rd5 Rxd5 31.Bxd5 Bc8 32.Kc4 b6 33.Kb5 f6 34.a4 Kf8 35.a5 bxa5 36.Kxc5 Ke7
37.g3 Bd7 38.Bc6 Bh3 39.Kb5 Bg2 40.Kxa5 Bxf3 41.b4 f5 42.Ka6 Bxe4 43.b5 Bd3
44.Kxa7 Bxb5 45.Bxb5 g4 46.Kb6 Kd6 47.Bc6 g5 48.Kb5 f4 49.Ba8 Ke5 50.Kc4 fxg3
51.Bg2  1/2-1/2

[Event "CZE-chT"]
[Site "?"]
[Date "1993.??.??"]
[Round "?"]
[White "Cech, Pavel"]
[Black "Hajek, Michal"]
[Result "1-0"]
[WhiteElo "2315"]
[BlackElo "2285"]

1.d4 Nf6 2.Bg5 Ne4 3.h4 c5 4.d5 Nxg5 5.hxg5 Qb6 6.Qc1 g6 7.Nd2 Bg7 8.c3 d6
9.e4 Nd7 10.Ngf3 Qc7 11.a4 h5 12.Nc4 Nb6 13.Ne3 Bd7 14.Qc2 a5 15.Be2 Nc8
16.Qb3 Rb8 17.Bb5 Nb6 18.Bxd7+ Nxd7 19.Nc4 b6 20.Qb5 Kd8 21.O-O-O Ne5 22.Nfxe5 Bxe5
23.g3 Bg7 24.f4 Qd7 25.e5 Qxb5 26.axb5 Kc7 27.Rhe1 Rhe8 28.Re2 Rbd8 29.Kc2 Bf8
30.Rde1 dxe5 31.Rxe5 Kb7 32.f5 gxf5 33.Rxf5 Rd7 34.Rxf7 Rxd5 35.g6 Bh6 36.Rexe7+ Rxe7
37.Rxe7+ Kb8 38.Rh7 h4 39.gxh4  1-0

[Event "Dublin zt"]
[Site "Dublin"]
[Date "1993.??.??"]
[Round "2"]
[White "Keogh, Eamon"]
[Black "Kumaran, Dharshan"]
[Result "0-1"]
[WhiteElo "2215"]
[BlackElo "2385"]

1.d4 Nf6 2.Bg5 Ne4 3.Bf4 c5 4.d5 d6 5.f3 Nf6 6.c4 e5 7.dxe6 fxe6 8.e4 Nc6
9.Nc3 Be7 10.Bd3 O-O 11.Nge2 e5 12.Be3 a6 13.Qd2 Rb8 14.O-O Be6 15.h3 Nh5
16.g4 Nd4 17.f4 Nxf4 18.Nxf4 exf4 19.Bxd4 cxd4 20.Ne2 f3 21.Nf4 Bd7 22.Bc2 Bh4
23.Rxf3 g5 24.Qxd4 gxf4 25.c5 Qf6 26.Rd1 Qxd4+ 27.Rxd4 Bc6 28.cxd6 Bf6 29.Rd2 Be5
30.Bb3+ Kg7 31.Bd5 Bxd6 32.Bxc6 Bc5+ 33.Kf1 bxc6 34.Rc3 Be3  0-1

[Event "Dublin zt"]
[Site "Dublin"]
[Date "1993.??.??"]
[Round "10"]
[White "Clarke, Thomas"]
[Black "Mannion, Stephen R"]
[Result "0-1"]
[WhiteElo "2205"]
[BlackElo "2405"]

1.d4 Nf6 2.Bg5 Ne4 3.h4 c5 4.d5 Qb6 5.Qc1 c4 6.e3 Qa5+ 7.Nd2 Nxg5 8.hxg5 Qxd5
9.Ngf3 g6 10.Bxc4 Qc5 11.Rh4 Bg7 12.c3 d5 13.Bd3 e5 14.e4 Be6 15.exd5 Bxd5
16.Qc2 Nc6 17.b4 Qe7 18.b5 e4 19.Bxe4 Nb4 20.Qb1 Bxc3 21.Kf1 Be6 22.a3 Nd5
23.Ra2 O-O 24.g3 Rad8 25.Kg2 f5 26.gxf6 Bxf6 27.Rc2 Bxh4 28.Nxh4 Nc3 29.Rxc3 Rxd2
30.Nf3 Re2 31.Bd3 Bd5 32.Bc4 Bxc4 33.Rxc4 Qe3  0-1

[Event "Elenite op"]
[Site "Elenite"]
[Date "1993.??.??"]
[Round "1"]
[White "Aleksieva, Silvia"]
[Black "Semkov, Semko"]
[Result "0-1"]
[WhiteElo "2145"]
[BlackElo "2465"]

1.d4 Nf6 2.Bg5 Ne4 3.Bf4 d5 4.Nd2 Bf5 5.e3 e6 6.Ngf3 g5 7.Nxe4 gxf4 8.Nc3 fxe3
9.fxe3 Bh6 10.Bd3 Bg6 11.Qe2 c5 12.O-O Nc6 13.dxc5 Qe7 14.Na4 O-O 15.c3 Rae8
16.b4 e5 17.Bb5 Rd8 18.Bxc6 bxc6 19.Nb2 Kh8 20.Rae1 Rg8 21.Qf2 Be4 22.Re2 f5
23.Qe1 Rg4 24.Rff2 Rdg8 25.c4 Qg7 26.Qd2 d4 27.Nxd4 exd4 28.Qxd4 Qxd4 29.exd4 Bg7
30.Rd2 Rxg2+ 31.Rxg2 Bxd4+ 32.Kf1 Bxg2+ 33.Rxg2 Rxg2 34.Kxg2 Bxb2 35.b5 Be5
36.a4 Kg7 37.a5 Kf6 38.a6 Bb8 39.Kf3 Ke5 40.Ke3 f4+ 41.Kf3 h5 42.b6 Kf5 43.h3 Ke5  0-1

[Event "Espoo op"]
[Site "Espoo"]
[Date "1993.??.??"]
[Round "6"]
[White "Puranen, Jukka"]
[Black "Alava, Mikko"]
[Result "1/2-1/2"]
[WhiteElo "2340"]
[BlackElo "2295"]

1.d4 Nf6 2.Bg5 Ne4 3.Bf4 c5 4.f3 Qa5+ 5.c3 Nf6 6.dxc5 Qxc5 7.e4 d6 8.Qd2 Nc6
9.Na3 a6 10.Be3 Qa5 11.Nc4 Qc7 12.Bb6 Qd7 13.O-O-O e6 14.Nxd6+ Bxd6 15.Qxd6 Qxd6
16.Rxd6 Nd7 17.Be3 Ke7 18.Rd2 b6 19.Ne2 Bb7 20.Nd4 Rac8 21.Be2 Na5 22.Rhd1 Rhd8
23.Nb3 Nxb3+ 24.axb3 Nc5 25.Bxc5+ bxc5 26.Rxd8 Rxd8 27.Rxd8 Kxd8 28.Kb1 Kc7
29.Ka2 Kb6 30.Ka3 Ka5 31.b4+ cxb4+ 32.cxb4+ Kb6 33.Bc4 Bc6 34.b3 Bb5 35.e5 Kc7
36.Kb2 Kb6 37.Kc3 Bc6 38.Kd4 Bb7 39.Ke3 Bc6 40.h4 h6 41.g4 g6 42.f4 Bd7 43.Kf3 Bb5
44.f5 Bd7 45.fxg6 fxg6 46.Kf4 Kb7 47.g5 h5 48.Ke3 Ka7 49.Kd4 Kb6 50.Bxa6 Kxa6
51.Kc5 Kb7 52.Kd6 Bc8 53.b5 Kb6 54.Ke7 Kc5 55.Kf6 Kd5 56.b6 Bb7 57.Kxg6 Kxe5
58.Kxh5 Kd6 59.g6 e5 60.Kg5 e4 61.Kf4 Ke6 62.h5 Kf6 63.b4  1/2-1/2

[Event "FIN-ch"]
[Site "FIN"]
[Date "1993.??.??"]
[Round "?"]
[White "Manninen, Marko"]
[Black "Pulkkinen, Kari"]
[Result "0-1"]
[WhiteElo "2380"]
[BlackElo "2265"]

1.d4 Nf6 2.Bg5 Ne4 3.Bf4 d5 4.Nd2 Bf5 5.e3 e6 6.Bd3 Bd6 7.Bxe4 dxe4 8.Ne2 Nd7
9.Nc4 Nf6 10.h3 h5 11.c3 Bxf4 12.exf4 Nd5 13.Qa4+ Qd7 14.Qb3 O-O-O 15.O-O-O f6
16.g3 Kb8 17.Ne3 g5 18.Nxf5 exf5 19.c4 Ne7 20.d5 c5 21.Qe3 Ng6 22.Kb1 Qe7
23.Rhg1 Rhg8 24.Rge1 h4 25.g4 fxg4 26.hxg4 gxf4 27.Nxf4 Ne5 28.Qxe4 Rxg4
29.f3 Rgg8 30.Ne6 Rd7 31.Rh1 Ka8 32.Rdg1 Rc8 33.f4 Nf7 34.Rxh4 Nd6 35.Qe2 f5
36.Rh5 Qe8 37.Rhg5 Qf7 38.Rg7 Qe8 39.Rxd7 Qxd7 40.Rg7 Qa4 41.b3 Qa5 42.Qe5 a6
43.Rg1 Ne4 44.Rg2 Qe1+ 45.Kb2 Qf1 46.Rc2 Rg8 47.Qxf5 Nf2 48.Qf7 Nd3+ 49.Ka3 Qe1  0-1

[Event "Troll Masters"]
[Site "Gausdal"]
[Date "1993.??.??"]
[Round "1"]
[White "Rausis, Igors"]
[Black "Engqvist, Thomas"]
[Result "1-0"]
[WhiteElo "2560"]
[BlackElo "2420"]

1.d4 Nf6 2.Bg5 Ne4 3.Bf4 d5 4.Nd2 Bf5 5.e3 e6 6.Bd3 Nxd2 7.Qxd2 Bxd3 8.Qxd3 c6
9.Nf3 Nd7 10.O-O Be7 11.c4 O-O 12.Qb3 Qb6 13.c5 Qxb3 14.axb3 f6 15.b4 Rfe8
16.Bg3 a6 17.Nd2 e5 18.Rfd1 Bf8 19.Nb3 Kf7 20.Na5 Ra7 21.e4 dxe4 22.dxe5 Ke6
23.exf6 Nxf6 24.Rd4 Kf5 25.Nc4 Raa8 26.Rad1 a5 27.Nxa5 Bxc5 28.Rc4 Bxb4 29.Nxb7 Be7
30.Rxc6 Rec8 31.Rb6 Rc2 32.h3 Ra2 33.Rb5+ Kg6 34.Be5 Ba3  1-0